<?xml version="1.0" encoding="UTF-8"?>
<collection xmlns="http://www.loc.gov/MARC21/slim">
 <record>
  <leader>02398nam a22002777a 4500</leader>
  <controlfield tag="001">NCT_32113</controlfield>
  <controlfield tag="008">180421b        xxu||||| |||| 00| 0 vie d</controlfield>
  <datafield tag="999" ind1=" " ind2=" ">
   <subfield code="c">1544</subfield>
   <subfield code="d">1544</subfield>
  </datafield>
  <datafield tag="020" ind1=" " ind2=" ">
   <subfield code="a">978604661504</subfield>
   <subfield code="c">202000</subfield>
  </datafield>
  <datafield tag="082" ind1="0" ind2="4">
   <subfield code="2">23rd ed.</subfield>
   <subfield code="a">616.1</subfield>
   <subfield code="b">V308</subfield>
  </datafield>
  <datafield tag="100" ind1="1" ind2=" ">
   <subfield code="a">Nguyễn Lân Việt</subfield>
   <subfield code="e">Chủ biên</subfield>
  </datafield>
  <datafield tag="245" ind1="1" ind2="0">
   <subfield code="a">Thực hành bệnh tim mạch</subfield>
   <subfield code="c">Nguyễn Lân Việt</subfield>
  </datafield>
  <datafield tag="250" ind1=" " ind2=" ">
   <subfield code="a">Tái bản lần thứ năm có sữa chữa</subfield>
  </datafield>
  <datafield tag="260" ind1=" " ind2=" ">
   <subfield code="a">H.</subfield>
   <subfield code="b">Y học</subfield>
   <subfield code="c">2015</subfield>
  </datafield>
  <datafield tag="300" ind1=" " ind2=" ">
   <subfield code="a">499 tr.</subfield>
   <subfield code="b">Bảng</subfield>
   <subfield code="c">24cm</subfield>
  </datafield>
  <datafield tag="520" ind1="3" ind2=" ">
   <subfield code="a">Mở đầu cuốn sách là bài nói về các vấn đề cấp cứu cơ bản trong tim mạch. Tiếp theo là ba mươi tám bài viết về các bệnh lý cơ bản trong tim mạch. Với mỗi bệnh lý lại có đầy đủ các nội dung: đại cương về bệnh; nguyên nhân gây bệnh; cơ chế bệnh sinh, sinh lý bệnh; chẩn đoán xác định bệnh thông qua các triệu chứng lâm sàng, cận lâm sàng; chẩn đoán phân biệt với các bệnh khác có cùng triệu chứng; điều trị bệnh. </subfield>
  </datafield>
  <datafield tag="653" ind1=" " ind2=" ">
   <subfield code="a">Y đa khoa</subfield>
  </datafield>
  <datafield tag="942" ind1=" " ind2=" ">
   <subfield code="2">ddc</subfield>
   <subfield code="c">BK</subfield>
  </datafield>
  <datafield tag="952" ind1=" " ind2=" ">
   <subfield code="0">0</subfield>
   <subfield code="1">0</subfield>
   <subfield code="2">ddc</subfield>
   <subfield code="4">0</subfield>
   <subfield code="6">616_100000000000000_V308</subfield>
   <subfield code="7">0</subfield>
   <subfield code="9">7430</subfield>
   <subfield code="a">000001</subfield>
   <subfield code="b">000001</subfield>
   <subfield code="d">2018-04-21</subfield>
   <subfield code="o">616.1 V308</subfield>
   <subfield code="p">MD.11540</subfield>
   <subfield code="r">2018-04-21</subfield>
   <subfield code="v">202000.00</subfield>
   <subfield code="w">2018-04-21</subfield>
   <subfield code="y">BK</subfield>
  </datafield>
  <datafield tag="952" ind1=" " ind2=" ">
   <subfield code="0">0</subfield>
   <subfield code="1">0</subfield>
   <subfield code="2">ddc</subfield>
   <subfield code="4">0</subfield>
   <subfield code="6">616_100000000000000_V308</subfield>
   <subfield code="7">0</subfield>
   <subfield code="9">7431</subfield>
   <subfield code="a">000001</subfield>
   <subfield code="b">000001</subfield>
   <subfield code="d">2018-04-21</subfield>
   <subfield code="o">616.1 V308</subfield>
   <subfield code="p">MD.11895</subfield>
   <subfield code="r">2018-04-21</subfield>
   <subfield code="v">202000.00</subfield>
   <subfield code="w">2018-04-21</subfield>
   <subfield code="y">BK</subfield>
  </datafield>
  <datafield tag="952" ind1=" " ind2=" ">
   <subfield code="0">0</subfield>
   <subfield code="1">0</subfield>
   <subfield code="2">ddc</subfield>
   <subfield code="4">0</subfield>
   <subfield code="6">616_100000000000000_V308</subfield>
   <subfield code="7">0</subfield>
   <subfield code="9">7432</subfield>
   <subfield code="a">000001</subfield>
   <subfield code="b">000001</subfield>
   <subfield code="d">2018-04-21</subfield>
   <subfield code="o">616.1 V308</subfield>
   <subfield code="p">MD.11896</subfield>
   <subfield code="r">2018-04-21</subfield>
   <subfield code="v">202000.00</subfield>
   <subfield code="w">2018-04-21</subfield>
   <subfield code="y">BK</subfield>
  </datafield>
  <datafield tag="952" ind1=" " ind2=" ">
   <subfield code="0">0</subfield>
   <subfield code="1">0</subfield>
   <subfield code="2">ddc</subfield>
   <subfield code="4">0</subfield>
   <subfield code="6">616_100000000000000_V308</subfield>
   <subfield code="7">0</subfield>
   <subfield code="9">7433</subfield>
   <subfield code="a">000001</subfield>
   <subfield code="b">000001</subfield>
   <subfield code="d">2018-04-21</subfield>
   <subfield code="l">1</subfield>
   <subfield code="o">616.1 V308</subfield>
   <subfield code="p">MD.11897</subfield>
   <subfield code="r">2019-05-14</subfield>
   <subfield code="s">2019-05-09</subfield>
   <subfield code="v">202000.00</subfield>
   <subfield code="w">2018-04-21</subfield>
   <subfield code="y">BK</subfield>
  </datafield>
  <datafield tag="952" ind1=" " ind2=" ">
   <subfield code="0">0</subfield>
   <subfield code="1">0</subfield>
   <subfield code="2">ddc</subfield>
   <subfield code="4">0</subfield>
   <subfield code="6">616_100000000000000_V308</subfield>
   <subfield code="7">0</subfield>
   <subfield code="9">7434</subfield>
   <subfield code="a">000001</subfield>
   <subfield code="b">000001</subfield>
   <subfield code="d">2018-04-21</subfield>
   <subfield code="l">1</subfield>
   <subfield code="o">616.1 V308</subfield>
   <subfield code="p">MD.11898</subfield>
   <subfield code="r">2018-10-04</subfield>
   <subfield code="s">2018-09-20</subfield>
   <subfield code="v">202000.00</subfield>
   <subfield code="w">2018-04-21</subfield>
   <subfield code="y">BK</subfield>
  </datafield>
  <datafield tag="952" ind1=" " ind2=" ">
   <subfield code="0">0</subfield>
   <subfield code="1">0</subfield>
   <subfield code="2">ddc</subfield>
   <subfield code="4">0</subfield>
   <subfield code="6">616_100000000000000_V308</subfield>
   <subfield code="7">0</subfield>
   <subfield code="9">7924</subfield>
   <subfield code="a">000001</subfield>
   <subfield code="b">000001</subfield>
   <subfield code="d">2018-05-05</subfield>
   <subfield code="l">1</subfield>
   <subfield code="o">616.1 V308</subfield>
   <subfield code="p">MD.10893</subfield>
   <subfield code="r">2019-05-09</subfield>
   <subfield code="s">2019-04-26</subfield>
   <subfield code="v">202000.00</subfield>
   <subfield code="w">2018-05-05</subfield>
   <subfield code="y">BK</subfield>
  </datafield>
  <datafield tag="952" ind1=" " ind2=" ">
   <subfield code="0">0</subfield>
   <subfield code="1">0</subfield>
   <subfield code="2">ddc</subfield>
   <subfield code="4">0</subfield>
   <subfield code="6">616_100000000000000_V308</subfield>
   <subfield code="7">0</subfield>
   <subfield code="9">7925</subfield>
   <subfield code="a">000001</subfield>
   <subfield code="b">000001</subfield>
   <subfield code="d">2018-05-05</subfield>
   <subfield code="o">616.1 V308</subfield>
   <subfield code="p">MD.10894</subfield>
   <subfield code="r">2018-05-05</subfield>
   <subfield code="v">202000.00</subfield>
   <subfield code="w">2018-05-05</subfield>
   <subfield code="y">BK</subfield>
  </datafield>
  <datafield tag="980" ind1=" " ind2=" ">
   <subfield code="a">Thư viện Trường Đại học Nam Cần Thơ</subfield>
  </datafield>
 </record>
</collection>
